000 00331cam a2200145ua 4500
001 5005
008 191011n II |||gr||||Z||||||eng
040 _aMAIN
041 _aEnglish
082 _a332 BAS
100 _aBASU , A.K.
245 _aFUNDAMENTALS OF BANKING THEORY & PRACTICE
653 _aFinancial economics
942 _cBK
999 _c4992
_d4992